| 000 | 00763nam a2200241 a 4500 | ||
|---|---|---|---|
| 001 | 12979 | ||
| 003 | BD-JhCC | ||
| 005 | 20230609093420.0 | ||
| 008 | 230609b2018 b ||||| ||a| 00| 0 b d | ||
| 020 | _a9789849244066 | ||
| 035 | _a(BD-JhCC)12979 | ||
| 040 |
_aBD-JhCC _dBD-JhCC |
||
| 041 | _abengali | ||
| 082 |
_a891.443 _bSHI 2018 |
||
| 100 | _aশিহাব, মো. ফরহাদ চৌধুরী | ||
| 245 |
_aঅসমাপ্ত ঠিকানা / _c মো. ফরহাদ চৌধুরী শিহাব |
||
| 260 |
_aঢাকা: _bআদি প্রকাশন; _c2018 |
||
| 300 | _a155p. : | ||
| 600 | _aঅসমাপ্ত ঠিকানা | ||
| 650 |
_aBangla Novel _zBangladesh |
||
| 942 |
_2ddc _cBK |
||
| 999 |
_c12979 _d12979 |
||